[Event "Gijon RGCC op 3rd"]
[Site "Gijon"]
[Date "2015.07.17"]
[Round "8"]
[White "Martorell Aguado, Joan"]
[Black "Alvarez Fernandez, Enrique"]
[Result "1/2-1/2"]
[WhiteElo "2127"]
[BlackElo "2306"]
[PlyCount "109"]
[EventDate "2015.07.11"]
[EventType "swiss"]
[EventRounds "9"]
[EventCountry "ESP"]
[SourceTitle "EXT 2024"]
[Source "ChessBase"]
[SourceDate "2023.10.10"]
[SourceVersion "1"]
[SourceVersionDate "2023.10.10"]
[SourceQuality "1"]

1. Nf3 d5 2. c4 c6 3. e3 Nf6 4. b3 Bf5 5. Bb2 e6 6. Be2 h6 7. Ne5 Be7 8. 0-0 0-0 9. d3 Nbd7 10. f4 Nxe5 11. fxe5 Nd7 12. Nd2 Nc5 13. d4 Nd3 14. Bc3 Nb4 15. Bxb4 Bxb4 16. a3 Be7 17. Nf3 b6 18. Bd3 Bxd3 19. Qxd3 f5 20. exf6 Bxf6 21. e4 Qd7 22. Rad1 Rad8 23. a4 Qe8 24. cxd5 cxd5 25. e5 Be7 26. Rc1 Rc8 27. Rc2 Ba3 28. Rff2 Qd7 29. h3 Be7 30. Qg6 Rxc2 31. Rxc2 Rc8 32. Nh2 Rxc2 33. Qxc2 Bg5 34. Nf3 Bd8 35. Ne1 Qc7 36. b4 Qxc2 37. Nxc2 Be7 38. b5 Kf7 39. Kf2 g5 40. g4 Bf8 41. Ke2 Be7 42. Kd3 Ke8 43. Kc3 Kd7 44. Kb3 Kc7 45. Ne3 Kd7 46. Nf1 Ke8 47. Ng3 Kf7 48. Nh5 Bd8 49. Ng3 Be7 50. Ne2 Ke8 51. Nc1 Kd7 52. Nd3 Kc7 53. Nf2 Kd7 54. Nd3 Kc7 55. Nf2 1/2-1/2

[Event "Gijon RGCC op 3rd"]
[Site "Gijon"]
[Date "2015.07.16"]
[Round "7"]
[White "Suarez Garcia, Carlos"]
[Black "Martorell Aguado, Joan"]
[Result "1/2-1/2"]
[WhiteElo "2408"]
[BlackElo "2127"]
[PlyCount "134"]
[EventDate "2015.07.11"]
[EventType "swiss"]
[EventRounds "9"]
[EventCountry "ESP"]
[SourceTitle "EXT 2024"]
[Source "ChessBase"]
[SourceDate "2023.10.10"]
[SourceVersion "1"]
[SourceVersionDate "2023.10.10"]
[SourceQuality "1"]

1. d4 Nf6 2. c4 e6 3. g3 d5 4. Bg2 Be7 5. Nf3 0-0 6. 0-0 c6 7. Nbd2 b6 8. Qc2 Bb7 9. e4 dxc4 10. Nxc4 c5 11. e5 Nd5 12. dxc5 bxc5 13. Rd1 Nc6 14. h4 Qc7 15. Bg5 h6 16. Bxe7 Ncxe7 17. a3 Rab8 18. Rac1 Nf5 19. Re1 Nb6 20. Nd6 Nxd6 21. exd6 Qxd6 22. Qxc5 Qxc5 23. Rxc5 Na4 24. Ra5 Nxb2 25. Rxa7 Bd5 26. Ne5 Ra8 27. Rxa8 Rxa8 28. Rb1 Na4 29. Nc6 Nc3 30. Bxd5 Nxb1 31. Ne7+ Kf8 32. Bxa8 Kxe7 33. a4 Kd6 34. a5 Kc5 35. Be4 Nd2 36. Bh7 f6 37. Bd3 Nb3 38. a6 Kb6 39. Kg2 Nc5 40. Bc4 Nxa6 41. Bxe6 Nc7 42. Bg8 Kc6 43. Kf3 Kd6 44. Kg4 Ke7 45. Kf5 Nb5 46. Bd5 Nd6+ 47. Kg6 Kf8 48. h5 Nc8 49. Kf5 Ke7 50. f3 Nd6+ 51. Kg6 Kf8 52. Be6 Ne8 53. Bd7 Nd6 54. Ba4 Nc4 55. Kf5 Ke7 56. f4 Nd6+ 57. Kg6 Kf8 58. Bc6 Nc8 59. Be4 Ne7+ 60. Kh7 f5 61. Bxf5 Nxf5 62. g4 Ne7 63. g5 hxg5 64. fxg5 Kf7 65. h6 g6 66. Kh8 Nd5 67. h7 Ne7 1/2-1/2

[Event "Barcelona Sant Marti op 5th"]
[Site "Barcelona"]
[Date "2014.09.13"]
[Round "7.3"]
[White "Martin Perez, Laura"]
[Black "Martorell Aguado, Joan"]
[Result "0-1"]
[WhiteElo "2195"]
[BlackElo "2248"]
[PlyCount "36"]
[EventDate "2014.09.13"]
[EventType "swiss"]
[EventRounds "9"]
[EventCountry "ESP"]
[SourceTitle "EXT 2024"]
[Source "ChessBase"]
[SourceDate "2023.10.10"]
[SourceVersion "1"]
[SourceVersionDate "2023.10.10"]
[SourceQuality "1"]

1. e4 c5 2. Nf3 d6 3. d4 cxd4 4. Nxd4 Nf6 5. Nc3 Nc6 6. Nb3 e5 7. Bg5 Be7 8. Bxf6 Bxf6 9. Nd5 Bg5 10. Nd2 0-0 11. Nf3 Bh6 12. Bc4 Be6 13. 0-0 g6 14. Qe2 Kh8 15. Rad1 a6 16. c3 b5 17. Bb3 f5 18. Nd2 Ne7 0-1

[Event "Barcelona Sant Marti op 5th"]
[Site "Barcelona"]
[Date "2014.09.13"]
[Round "9.1"]
[White "Martorell Aguado, Joan"]
[Black "Ayza Leon, David"]
[Result "1-0"]
[WhiteElo "2248"]
[BlackElo "2295"]
[PlyCount "75"]
[EventDate "2014.09.13"]
[EventType "swiss"]
[EventRounds "9"]
[EventCountry "ESP"]
[SourceTitle "EXT 2024"]
[Source "ChessBase"]
[SourceDate "2023.10.10"]
[SourceVersion "1"]
[SourceVersionDate "2023.10.10"]
[SourceQuality "1"]

1. c4 Nf6 2. Nc3 g6 3. g3 Bg7 4. Bg2 d6 5. d3 0-0 6. e3 c6 7. Nge2 e5 8. 0-0 Bg4 9. h3 Be6 10. Rb1 Qd7 11. Kh2 a5 12. a3 Ne8 13. b4 axb4 14. axb4 f5 15. b5 e4 16. Nd4 Bf7 17. bxc6 Nxc6 18. dxe4 Bxc4 19. Re1 Nxd4 20. exd4 fxe4 21. Nxe4 Bd5 22. Bf4 Bxe4 23. Bxe4 d5 24. Bg2 Nf6 25. Qb3 Rf7 26. Be5 Rd8 27. Rec1 Ne4 28. Rc7 Qf5 29. Bxe4 Qxf2+ 30. Bg2 Bxe5 31. Rxf7 Qxg3+ 32. Qxg3 Bxg3+ 33. Kxg3 Kxf7 34. Rxb7+ Ke6 35. Rxh7 Rc8 36. Rg7 Kf5 37. Rd7 Rc3+ 38. Bf3 1-0

[Event "Barcelona Sant Marti op 5th"]
[Site "Barcelona"]
[Date "2014.09.13"]
[Round "8.1"]
[White "Uribe Arteaga, Daniel"]
[Black "Martorell Aguado, Joan"]
[Result "0-1"]
[WhiteElo "2260"]
[BlackElo "2248"]
[PlyCount "66"]
[EventDate "2014.09.13"]
[EventType "swiss"]
[EventRounds "9"]
[EventCountry "ESP"]
[SourceTitle "EXT 2024"]
[Source "ChessBase"]
[SourceDate "2023.10.10"]
[SourceVersion "1"]
[SourceVersionDate "2023.10.10"]
[SourceQuality "1"]

1. b3 e5 2. Bb2 d6 3. e3 f5 4. c4 Nf6 5. Nf3 Be7 6. Be2 0-0 7. 0-0 Kh8 8. d4 e4 9. Nfd2 c6 10. Nc3 d5 11. Rc1 Be6 12. a3 a6 13. b4 Bd6 14. cxd5 cxd5 15. b5 Nbd7 16. bxa6 bxa6 17. g3 g5 18. f3 Qb8 19. Rb1 Bxg3 20. fxe4 Bxh2+ 21. Kh1 fxe4 22. Ncxe4 dxe4 23. d5 Qg3 24. dxe6 Bg1 25. Rf2 Bxf2 26. Qf1 Nc5 27. e7 Rf7 28. Bc4 Kg7 29. Bxf7 Kxf7 30. Bxf6 Kxf6 31. Rc1 Qh4+ 32. Kg2 Nd3 33. Qh1 Nxc1 0-1

[Event "Montcada op 22nd"]
[Site "Montcada"]
[Date "2014.06.27"]
[Round "3"]
[White "Arun Prasad, Subramanian"]
[Black "Martorell Aguado, Joan"]
[Result "1-0"]
[WhiteElo "2472"]
[BlackElo "2110"]
[PlyCount "77"]
[EventDate "2014.06.25"]
[EventType "swiss"]
[EventRounds "9"]
[EventCountry "ESP"]
[SourceTitle "CBM 161 Extra"]
[Source "ChessBase"]
[SourceDate "2014.08.29"]
[SourceVersion "1"]
[SourceVersionDate "2014.08.29"]
[SourceQuality "1"]

1. d4 Nf6 2. c4 c5 3. d5 e5 4. Nc3 d6 5. e4 Be7 6. h3 Nbd7 7. Nf3 0-0 8. Bd3 Ne8 9. g4 g6 10. Bh6 Ng7 11. Qe2 Kh8 12. 0-0-0 Nf6 13. Rdg1 a6 14. Nd2 Ng8 15. Be3 Bg5 16. h4 Bxe3 17. Qxe3 h6 18. f4 exf4 19. Qxf4 Qf6 20. Qg3 Qe7 21. g5 h5 22. Re1 Bd7 23. e5 dxe5 24. Nf3 Bf5 25. Nxe5 Bxd3 26. Qxd3 Qd6 27. Rhf1 Rae8 28. Qg3 Nf5 29. Rxf5 gxf5 30. Nxf7+ Rxf7 31. Qxd6 Rxe1+ 32. Kd2 Re8 33. Qg6 Ree7 34. d6 Rd7 35. Nd5 b5 36. Qxh5+ Rh7 37. Qe8 bxc4 38. Qe5+ Rhg7 39. h5 1-0

[Event "Foment Martinenc op-A 16th"]
[Site "Barcelona"]
[Date "2014.06.07"]
[Round "7"]
[White "Martorell Aguado, Joan"]
[Black "Fernandez Aguilar, Francisco"]
[Result "1-0"]
[WhiteElo "2110"]
[BlackElo "2049"]
[PlyCount "53"]
[EventDate "2014.04.26"]
[EventType "swiss"]
[EventRounds "9"]
[EventCountry "ESP"]
[SourceTitle "EXT 2015"]
[Source "ChessBase"]
[SourceDate "2014.11.20"]
[SourceVersion "1"]
[SourceVersionDate "2014.11.20"]
[SourceQuality "1"]

1. c4 c6 2. g3 d5 3. Bg2 Nf6 4. Nf3 Bg4 5. 0-0 Nbd7 6. b3 e5 7. d4 e4 8. Ne5 Be6 9. cxd5 cxd5 10. f3 exf3 11. exf3 Bd6 12. Bf4 Be7 13. Nc3 0-0 14. g4 Rc8 15. Ne2 Nxe5 16. dxe5 Nd7 17. Kh1 Qb6 18. Bg3 Bc5 19. Nc3 Bb4 20. Nxd5 Bxd5 21. Qxd5 Rfd8 22. Qe4 Nc5 23. Qe3 Rd3 24. Qg1 Qa5 25. Rfc1 Re8 26. a3 Bxa3 27. Be1 1-0